Zmeny sú viditeľné Niektoré postsocialistické krajiny prelomili hospodársku recesiu
Ekonomický odhad hospodárskeho vývoja postsocialistických krajín východnej Európy podľa štúdie Viedenského inštitútu pre komparatívne štúdie. Predpokladaný hospodársky rast, perspektíva hrubého domáceho produktu, vývoja inflácie a nezamestnanosti v ČR, SR, Maďarsku, Poľsku, Slovinsku, Bulharsku, Rum...
Enregistré dans:
| Auteur principal: | |
|---|---|
| Format: | Chapitre de livre |
| Langue: | slovaque |
| Sujets: | |
| Tags: |
Pas de tags, Soyez le premier à ajouter un tag!
|
MARC
| LEADER | 00000naa a2200000 4500 | ||
|---|---|---|---|
| 001 | r014635 | ||
| 005 | 20221205091019.4 | ||
| 041 | 0 | |a slo | |
| 044 | |a SK | ||
| 245 | 1 | 0 | |a Zmeny sú viditeľné |b Niektoré postsocialistické krajiny prelomili hospodársku recesiu |c E. Madunická |
| 520 | |a Ekonomický odhad hospodárskeho vývoja postsocialistických krajín východnej Európy podľa štúdie Viedenského inštitútu pre komparatívne štúdie. Predpokladaný hospodársky rast, perspektíva hrubého domáceho produktu, vývoja inflácie a nezamestnanosti v ČR, SR, Maďarsku, Poľsku, Slovinsku, Bulharsku, Rumunsku a Chorvátsku. | ||
| 610 | 2 | 0 | |a recesia |
| 610 | 2 | 0 | |a vývoj hospodársky |
| 610 | 2 | 0 | |a východná Európa |
| 610 | 2 | 0 | |a produkt domáci hrubý |
| 610 | 2 | 0 | |a inflácia |
| 610 | 2 | 0 | |a nezamestnanosť |
| 610 | 2 | 0 | |a 1993 |
| 610 | 2 | 0 | |a 1994 |
| 610 | 2 | 0 | |a porovnanie medzinárodné |
| 100 | 1 | |a Madunická, E. | |